000 00436pab a2200157 454500
008 180718b1995 xxu||||| |||| 00| 0 eng d
100 _aWagman, Barnet
245 _aOccupation, power and the origins of labor segmentation in the U.S., 1870-1910
260 _c1995
300 _ap.1-24
362 _aMar
650 _aWages - U.S.A.
650 _aLabour - U.S.A.
773 _aReview of Radical Political Economics
909 _a29072
999 _c29072
_d29072